000 00706nam a2200241 a 4500
001 74897
003 BD-RjUL
005 20211209082622.0
008 170514r19851972nyua|||| b||| 00| 0 eng d
020 _a0023950501
035 _a(BD-RjUL)75115
040 _aBD-RjUL
_beng
_cBD-RjUL
041 _aeng
082 _223
_a540
_bPEI 1982
100 1 _aPetrucci, Ralph H.
_9213419
245 1 0 _aInstructor's manual general chemistry :
_bprinciples and modern applications /
_cRalph H. Petrucci
250 _a3rd ed.
260 _aNew York :
_bMacmillan Pub. Co.,
_cc1982.
300 _avi, 156 p. :
_bill. ;
_c28 cm.
504 _aIncludes bibliographies.
650 _aChemistry.
_9213420
942 _2ddc
_cBK
999 _c74897
_d74897